000 00840nam a22002417a 4500
001 63317
003 UA-OsUOA
005 20211014204051.0
007 ta
008 20090922b un ||||| |||| 00| 0 ukr d
040 _aUA-OsUOA
_brus
_cUA-OsUOA
_dUA-OsUOA
041 _arus
080 _a930.25(470+571)
090 _a930.25(470+571)
_bС17
100 _aСамошенко В. Н.
245 _aИстория архивного дела в дореволюционной России
_bучеб. пособие для вузов по специальности "Историко-архивоведение"
260 _aМ.
_bВысшая школа
_c1989
300 _a214 с.
650 7 _a94 Історія
_2UDC
942 _cBK
_2udc
955 _a2
999 _c349397
_d349397